|
|
|
|
| LEADER |
00972nam a2200313 4500 |
| 001 |
DLU090092575 |
| 005 |
##20091201 |
| 040 |
# |
# |
|a DLU
|b eng
|
| 041 |
# |
# |
|a eng
|
| 044 |
# |
# |
|a us
|
| 245 |
# |
# |
|a A selective medium for quantitative reisolation of trichoderma harzianum from agaricus bisporus compost /
|c Josie Williams ... [et al.].
|
| 653 |
# |
# |
|a Agaricus bisporus
|
| 653 |
# |
# |
|a Contaminants
|
| 653 |
# |
# |
|a Reisolation
|
| 653 |
# |
# |
|a Trichoderma harzianum
|
| 700 |
# |
# |
|a Clarkson, John M.
|
| 700 |
# |
# |
|a Cooper, Richard M.
|
| 700 |
# |
# |
|a Mills, Peter R.
|
| 700 |
# |
# |
|a Williams, Josie.
|
| 773 |
# |
# |
|t Applied and Environmental Microbiology
|g Vol. 69, no. 7 (July 2003), p. 4190-4191
|
| 920 |
# |
# |
|a Phòng Tạp chí -- Trung tâm Thông tin - Thư viện Trường Đại học Đà Lạt
|
| 994 |
# |
# |
|a DLU
|
| 900 |
# |
# |
|a True
|
| 911 |
# |
# |
|a Trương Bảo Trâm Anh
|
| 925 |
# |
# |
|a G
|
| 926 |
# |
# |
|a A
|
| 927 |
# |
# |
|a BB
|
| 980 |
# |
# |
|a Thư viện Trường Đại học Đà Lạt
|